| 000 | 01242cam a2200361 a 4500 | ||
|---|---|---|---|
| 001 | 1565139 | ||
| 003 | ARRUPE | ||
| 005 | 20150225130932.0 | ||
| 008 | 950320s1995 enk 001 0 eng d | ||
| 010 | _agb 95008889 | ||
| 015 | _aGB95-8889 | ||
| 020 |
_a0333616952 : _c£35.00 : Formerly CIP |
||
| 035 | _a(OCoLC)ocm32272651 | ||
| 035 | _a(NNC)1565139 | ||
| 040 |
_aUKM _cUKM _dTKN |
||
| 050 | _aHD8800.P313 1995 | ||
| 082 | 0 | 4 |
_a331.12791 _220 |
| 090 |
_aHD5856.A35 _bP3 1995 |
||
| 100 | 1 |
_aPaton, Bill. _915531 |
|
| 245 | 1 | 0 |
_aLabour export policy in the development of Southern Africa / _cBill Paton. |
| 260 |
_aBasingstoke : _bMacmillan in association with the Institute of Social Studies, _c1995. |
||
| 300 |
_axii, 397 p. ; _c23 cm. |
||
| 500 | _aIncludes index. | ||
| 504 | _aBibliography: p. 351-387. | ||
| 650 | 0 |
_aMigrant labor _zAfrica, Southern _xHistory _y20th century. _915532 |
|
| 650 | 0 |
_aLabor policy _zAfrica, Southern _xHistory _y20th century. _915533 |
|
| 650 | 0 |
_aForeign workers _zAfrica, Southern _xHistory _y20th century. _915534 |
|
| 653 | 0 |
_aPersonnel _aMigration |
|
| 653 | 0 | _aSouthern Africa | |
| 710 | 2 |
_aInstitute of Social Studies (Netherlands) _915535 |
|
| 942 |
_2lcc _cMONOGRAPH |
||
| 999 |
_c122193 _d122193 |
||